Southville International School and Colleges
Your cart is empty.
  • Cart
  • Lists
    Public lists Eva Luna New books Lux_list list_1
    Your lists Log in to create your own lists
  • Log in to your account
  • Your cookies
  • Search history
Southville International School and Colleges
  • Advanced search
  • Recent comments
  • Most popular
  • Libraries

Log in to your account

Log in with GOOGLE


If you do not have an external account, but do have a local account, you can still log in:

  1. Home
  2. MARC view: Basic and clinical immunology /
Normal view MARC view ISBD view

Basic and clinical immunology / (Record no. 13622)

[ view plain ]
MARC details
000 -LEADER
fixed length control field 01251cam a22003978a 4500
001 - CONTROL NUMBER
control field 15148635
003 - CONTROL NUMBER IDENTIFIER
control field OSt
005 - DATE AND TIME OF LATEST TRANSACTION
control field 20140310182447.0
008 - FIXED-LENGTH DATA ELEMENTS--GENERAL INFORMATION
fixed length control field 080117s2010 stk 001 0 eng
010 ## - LIBRARY OF CONGRESS CONTROL NUMBER
LC control number 2008002610
020 ## - INTERNATIONAL STANDARD BOOK NUMBER
International Standard Book Number 9780443100826
035 ## - SYSTEM CONTROL NUMBER
System control number (DNLM)101464021
040 ## - CATALOGING SOURCE
Original cataloging agency DNLM/DLC
Transcribing agency DLC
Modifying agency DLC
042 ## - AUTHENTICATION CODE
Authentication code pcc
050 00 - LIBRARY OF CONGRESS CALL NUMBER
Classification number RC 582
Item number .P357 2009
060 10 - NATIONAL LIBRARY OF MEDICINE CALL NUMBER
Classification number QW 540
Item number P357b 2010
100 1# - MAIN ENTRY--PERSONAL NAME
Personal name Peakman, Mark.
9 (RLIN) 7839
245 10 - TITLE STATEMENT
Title Basic and clinical immunology /
Statement of responsibility, etc Mark Peakman, Diego Vergani ; illustrated by Robert Britton and Ethan Danielson.
250 ## - EDITION STATEMENT
Edition statement 2nd ed.
260 ## - PUBLICATION, DISTRIBUTION, ETC. (IMPRINT)
Place of publication, distribution, etc Edinburgh ;
-- New York :
Name of publisher, distributor, etc Churchill Livingstone,
Date of publication, distribution, etc 2010.
263 ## - PROJECTED PUBLICATION DATE
Projected publication date 0811
300 ## - PHYSICAL DESCRIPTION
Extent 365p. ;
Dimensions 29 cm.
Other physical details ill. col ;
500 ## - GENERAL NOTE
General note Includes index.
650 #0 - SUBJECT ADDED ENTRY--TOPICAL TERM
Topical term or geographic name as entry element Clinical immunology.
9 (RLIN) 7840
650 #0 - SUBJECT ADDED ENTRY--TOPICAL TERM
Topical term or geographic name as entry element Immunology.
9 (RLIN) 7841
650 12 - SUBJECT ADDED ENTRY--TOPICAL TERM
Topical term or geographic name as entry element Immunity.
9 (RLIN) 7842
650 22 - SUBJECT ADDED ENTRY--TOPICAL TERM
Topical term or geographic name as entry element Immune System
General subdivision physiology.
9 (RLIN) 7843
650 22 - SUBJECT ADDED ENTRY--TOPICAL TERM
Topical term or geographic name as entry element Immune System Diseases.
9 (RLIN) 7844
700 1# - ADDED ENTRY--PERSONAL NAME
Personal name Vergani, Diego.
9 (RLIN) 7845
856 41 - ELECTRONIC LOCATION AND ACCESS
Materials specified Table of contents only
Uniform Resource Identifier <a href="http://www.loc.gov/catdir/toc/ecip089/2008002610.html">http://www.loc.gov/catdir/toc/ecip089/2008002610.html</a>
906 ## - LOCAL DATA ELEMENT F, LDF (RLIN)
a 7
b rix
c orignew
d 1
e ecip
f 20
g y-gencatlg
942 ## - ADDED ENTRY ELEMENTS (KOHA)
Source of classification or shelving scheme Library of Congress Classification
Koha item type
Holdings
Withdrawn status Lost status Source of classification or shelving scheme Damaged status Home library Current library Shelving location Date acquired Source of acquisition Total Checkouts Full call number Barcode Date last seen Copy number Price effective from Koha item type
    Library of Congress Classification   South SEED-LPDH College Library South SEED-LPDH College Library South SEED-LPDH College Section 08/05/2013 Donation   RC 582 .P357 2009 SSLC0155 05/15/2018 1 08/05/2013 Books
    Library of Congress Classification   South SEED-LPDH College Library South SEED-LPDH College Library South SEED-LPDH College Section 08/06/2013     RC 582 .P357 2009 SSLC0256 05/15/2018 1 08/06/2013 Books

Basic and clinical immunology /

APA

Peakman M., Vergani D., . (2010). Basic and clinical immunology. Edinburgh: Churchill Livingstone.

Chicago

Peakman Mark, Vergani Diego, . 2010. Basic and clinical immunology. Edinburgh: Churchill Livingstone.

Harvard

Peakman M., Vergani D., . (2010). Basic and clinical immunology. Edinburgh: Churchill Livingstone.

MLA

Peakman Mark, Vergani Diego, . Basic and clinical immunology. Edinburgh: Churchill Livingstone. 2010.

  • Place hold
  • Print
  • Cite
  • Add to your cart (remove)
  • Save record
    BIBTEX Dublin Core MARCXML MARC (non-Unicode/MARC-8) MARC (Unicode/UTF-8) MARC (Unicode/UTF-8, Standard) MODS (XML) RIS
  • More searches
    Search for this title in:
    Other Libraries (WorldCat) Other Databases (Google Scholar) Online Stores (Bookfinder.com) Open Library (openlibrary.org)

Exporting to Dublin Core...

SOUTHVILLE LIBRARY

Southville International School and Colleges Library

1281 Tropical Ave. Cor. Luxembourg St., BF Homes International, Las Pinas City

Tel. No. 8256374 / 252358 Loc. 117/146

Powered by Koha